| 000 | 00974nam a22002777a 4500 | ||
|---|---|---|---|
| 999 |
_c116188 _d116188 |
||
| 003 | 0 | ||
| 005 | 20180926164927.0 | ||
| 008 | 0 | ||
| 010 | _aB-081639 | ||
| 020 |
_c125.00 _a8171196652 |
||
| 035 | _aB-081639,B-039727 | ||
| 037 | _bCen Lib/Ret | ||
| 040 |
_aDPL _bHN _c0 |
||
| 082 |
_aउ _bअखिले |
||
| 100 |
_aअखिलेश _9500 |
||
| 245 |
_aवह जो यथार्थ था / _cअखिलेश |
||
| 246 |
_aVeh jo yatharth tha / _bby Akhilesh |
||
| 260 |
_aदिल्ली _bराधाकृष्ण प्रकाशन _c2001 |
||
| 270 |
_aजी-17, जगतपुरी _bदिल्ली _e110051 |
||
| 300 |
_a125पृ. _c20सेमी(सजिल्द ) |
||
| 650 |
_aहिंदी साहित्य _x _z _965254 |
||
| 650 |
_aहिंदी उपन्यास _965255 |
||
| 650 |
_aHindi literature _v _965256 |
||
| 650 |
_aHindi fiction _927248 |
||
| 942 |
_2ddc _cHN _hउ _mअखिले |
||